书目信息 |
| 题名: |
简明生物信息学教程
|
|
| 作者: | 张革新 主编 | |
| 分册: | ||
| 出版信息: | 北京 化学工业出版社 2006 |
|
| 页数: | 178页 | |
| 开本: | 26cm | |
| 丛书名: | ||
| 单 册: | ||
| 中图分类: | Q811.225 | |
| 科图分类: | ||
| 主题词: | 生物信息论--高等学校--教材 , 生物信息论 | |
| 电子资源: | ||
| ISBN: | 7-5025-8404-8 | |
| 000 | 00944nam0 2200253 450 | |
| 001 | 012007919197 | |
| 005 | 20070525153019.09 | |
| 010 | @a7-5025-8404-8@dCNY25.00 | |
| 100 | @a20070517d2006 km y0chiy0120 ea | |
| 101 | 0 | @achi |
| 102 | @aCN@b110000 | |
| 105 | @ay z 000yy | |
| 106 | @ar | |
| 200 | 1 | @a简明生物信息学教程@Ajian ming sheng wu xin xi xue jiao cheng@f张革新主编@Fzhang ge xin zhu bian |
| 210 | @a北京@c化学工业出版社@d2006 | |
| 215 | @a178页@c图@d26cm | |
| 300 | @a高等学校教材生物工程生物技术系列 | |
| 330 | @a本书力求全面介绍生物信息学的基本知识,侧重于生物信息学研究方法的培养。全书主要分为四部分:①计算机技术;②网络资源及其利用(包括核酸序列分析,蛋白质序列分析,基因组数据库);③生物信息学数据挖掘方法等。 | |
| 606 | 0 | @a生物信息论@x高等学校@j教材 |
| 606 | 0 | @a生物信息论 |
| 690 | @aQ811.225@v4 | |
| 701 | 0 | @a张革新@Azhang ge xin@f(1965~)@4主编 |
| 801 | 0 | @aCN@bRULIN@c20070525 |
| 905 | @dQ811.225@e108@s8 | |
| 简明生物信息学教程/张革新主编.-北京:化学工业出版社,2006 |
| 178页:图;26cm |
| 高等学校教材生物工程生物技术系列 |
| ISBN 7-5025-8404-8:CNY25.00 |
| 本书力求全面介绍生物信息学的基本知识,侧重于生物信息学研究方法的培养。全书主要分为四部分:①计算机技术;②网络资源及其利用(包括核酸序列分析,蛋白质序列分析,基因组数据库);③生物信息学数据挖掘方法等。 |
| ● |
| 相关链接 |
|
|
|
|
正题名:简明生物信息学教程
索取号:Q811.225/108
 
预约/预借
| 序号 | 登录号 | 条形码 | 馆藏地/架位号 | 状态 | 备注 |
| 1 | 0580643 | 205806430 | 第二样本阅览室/ [索取号:Q811.225/108] | 在馆 | |
| 2 | 0580644 | 205806449 | 第三借阅区/ [索取号:Q811.225/108] | 在馆 | |
| 3 | 0580645 | 205806458 | 第三借阅区/ [索取号:Q811.225/108] | 在馆 | |
| 4 | 0580646 | 205806467 | 第三借阅区/ [索取号:Q811.225/108] | 在馆 | |
| 5 | 0580647 | 205806476 | 第三借阅区/ [索取号:Q811.225/108] | 在馆 | |
| 6 | 0580648 | 205806485 | 第三借阅区/ [索取号:Q811.225/108] | 在馆 | |
| 7 | 0580649 | 205806494 | 第三借阅区/ [索取号:Q811.225/108] | 在馆 | |
| 8 | 0580650 | 205806500 | 第三借阅区/ [索取号:Q811.225/108] | 在馆 |